El contrato de mandato en la legislación ecuatoriana

Dettagli Bibliografici
Autore principale: Arias Z., Manuel M.
Natura: Tesi Libro
Lingua:Spanish
Soggetti:

MARC

LEADER 00000cam a2200000 a 4500
001 C-328
005 20230308192638.0
008 000000|1988 ||||||||r|||||||||||spa||
040 |b spa 
041 1 |a spa 
100 1 |a Arias Z., Manuel M.  |9 138166 
245 |a El contrato de mandato en la legislación ecuatoriana  |c Manuel M. Arias Z. Director Jorge Morales Alvarez  |h dact 
264 |a Cuenca  |c 1988 
300 |a 155 páginas:  |c 30 cm 
502 |a Abogado de los Tribunales de Justicia de la República y Licenciado en Ciencias Políticas y Sociales  |b Universidad de Cuenca  |c jur  |d Morales Alvarez, Jorge, dir.  |e DERECHO 
504 |a incl. ref. 
650 |a Contratos civiles  |9 42126 
650 |a Contratos de mandato  |9 138167 
650 4 |a Derecho civil  |9 1231 
650 |a Tesis en derecho  |9 1232 
852 |a UC-CDJBV  |c CUARTO PISO (SECCION TESIS)  |f Donación  |k teresa.torres  |l 1  |m Limitada  |p 00000000  |t C-328  |b 1  |d CDRC  |e CDRC  |g  CUARTO PISO (SECCION TESIS)  |z 0000-00-00 
942 |c TS 
999 |c 80131  |d 80131